| 000 | 01357nam a2200241Ia 4500 | ||
|---|---|---|---|
| 999 |
_c38972 _d38972 |
||
| 001 | 5430 | ||
| 003 | GE_BSU | ||
| 005 | 20191023114105.0 | ||
| 008 | 181216s2010||||ge |||||||||||||| ||geo|| | ||
| 040 | _cGE_BSU | ||
| 041 | _ageo | ||
| 080 | _a577.1(075.8) ტ-13 | ||
| 100 |
_aტაბატაძე, ლალი _94943 |
||
| 245 |
_aბიოორგანული ქიმია _bსახელმძღვ. შედგენილია აფხაზეთის განათლ. და კულტურის სამინ. "აფხაზეთის მეცნიერთა მხარდაჭერის პროგრამის" ფარგლებში / _cლალი ტაბატაძე, აკაკი გახოკიძე ; რედ. რ. გახოკიძე. |
||
| 264 |
_aთბილისი : _bთბილისის სახ. უნ-ტის გამ-ბა, _c2010. |
||
| 300 |
_a341 გვ. ; _b24 სმ. |
||
| 504 | _a ბიბლიოგრ.: გვ. 337. | ||
| 653 | _aბიოორგანული ქიმია; | ||
| 653 | _aსახელმძღვანელოები; | ||
| 700 |
_aგახოკიძე, აკაკი _eავტორი _94944 |
||
| 700 |
_aგახოკიძე, რ. _eრედაქტორი _91095 |
||
| 942 |
_cBK _2udc |
||